00311nam a2200121Ia 4500008004100000041000800041082001500049100001900064245004500083260002700128300002500155365000900180240624s9999 xx 000 0 und d aeng a650.1 KEL  aKELLEY KATIE C aCAREER COURAGE DISCOVER YOUR PASSION STE c2016aNew YorkbAmacom axiii, 222 p.; 23 cm. cb33